LEADER 01352nam a2200301 u 4500 001 000000061589 003 CaOOAMICUS 005 20070226121036.0 008 010910s1977 fr u000 u fre u 035 $a10902132 040 $aPUL(R)$bita 245 03$aLe retour du sacré /$cM. Simon ... [et al.]. 260 $aParis :$bEditions Beauchesne,$cc1977. 300 $a143 p. ;$c22 cm 490 1 $aLe point théologique ;$v22 500 $aSul front. : Universitédes Sciences Humaines de Strasbourg. 650 4$aTeologia$xCritica e interpretazione.$0(OLS)http://pul/subject/8641 700 1 $aSimon, Marcel,$d1907-$0(OLS)http://pul/name/12229 710 2 $aUniversité des sciences humaines de Strasburgo.$0(OLS)http://pul/name/79784 830 3$aLe point théologique ;$v22.$0(OLS)http://pul/title/10197 850 $aPUL 852 $aPUL$W1$xSL Religione 1$y3$m57 G 42$j80218$nBK-PRI$b $qStampati$B80218$CPULBib$Z2$F80218 $H $81 852 $aPUL$W1$xSL Religione 2$y84$mTheol A14 22$j80219$nBK-PRI$b $qStampati altre collocazioni$B80219$CPULBib$Z2$F80219 $HPUL97763 $81 941 1 $a8 941 1 $a10 961 $aINV: 45246 996 $6245$aLe retour du sacré$9(OLS)http://pul/title/82226 996 $6260$aParis :$bEditions Beauchesne$9(OLS)http://pul/publisher/52639 LEADER 00857nam a2200229 u 4500 001 000000067423 003 CaOOAMICUS 005 20070226121703.0 008 020208s1846 fr u000 u fre u 035 $a10920056 040 $aPUL(R)$bita 245 00$aDe l'origine et de la reparation du mal. 260 $aLyon :$bChanoine et comp. imprimeurs,$c1846. 300 $a549 p. ;$c25 cm 500 $aContiene indice. 504 $aBibliografia in nota. 650 4$aMale.$0(OLS)http://pul/subject/5638 850 $aPUL 852 $aPUL$W1$xDP1 Antico 800$y27$m59 D 9$j87221$nBK-PRI$b $qStampati Antico$B87221$CPULBib$Z2$F87221 $H $81 941 1 $a15 996 $6245$aDe l'origine et de la reparation du mal$9(OLS)http://pul/title/89380 996 $6260$aLyon :$bChanoine et comp. imprimeurs$9(OLS)http://pul/publisher/71713